| 000 | 00644nam a2200253Ia 4500 | ||
|---|---|---|---|
| 003 | OSt | ||
| 005 | 20220918175855.0 | ||
| 006 | a|||||r|||| 00| 0 | ||
| 007 | ta | ||
| 008 | 220917b |||||||| |||| 00| 0 eng d | ||
| 024 | _a19,348 | ||
| 037 | _cTextual | ||
| 040 |
_aARTS _cARTS _beng |
||
| 041 |
_2eng _aeng |
||
| 082 | _aO111,3NST,2, M3 | ||
| 100 |
_aSteel Danielle _917572 |
||
| 245 | 0 | _aLoving | |
| 260 |
_aLondon _bSphere Books _c1983 |
||
| 300 |
_a307p. _ccm. |
||
| 500 | _aReprint 1983 | ||
| 650 | _aENGLISH LITERATURE | ||
| 942 |
_hO111,3NST,2, M3 _cTEXL _2CC |
||
| 999 |
_c159319 _d159319 |
||